000 00481nam a2200181Ia 4500
008 240925s9999 xx 000 0 und d
020 _a9789332549753
082 _a658.7 BLA
100 _aBlanchard, Benjamin S.
245 0 _aLogistics Engineering and Management
250 _a6th
260 _aUttar Pradesh:
_bPearson Education Inc
_c,2015.
300 _axv, 545p.
_b0
_fOriginal
500 _aIncludes Index
600 _aManagement
650 _aManagement
942 _cBK
999 _c15278
_d15278